<?xml version="1.0" encoding="UTF-8"?>
<record
    xmlns:xsi="http://www.w3.org/2001/XMLSchema-instance"
    xsi:schemaLocation="http://www.loc.gov/MARC21/slim http://www.loc.gov/standards/marcxml/schema/MARC21slim.xsd"
    xmlns="http://www.loc.gov/MARC21/slim">

  <leader>03379    a2200229   4500</leader>
  <controlfield tag="003">IN-BaIIA</controlfield>
  <controlfield tag="005">20250825172031.0</controlfield>
  <controlfield tag="008">250825b        |||||||| |||| 00| 0 eng d</controlfield>
  <datafield tag="040" ind1=" " ind2=" ">
    <subfield code="c">IIA Library</subfield>
  </datafield>
  <datafield tag="100" ind1=" " ind2=" ">
    <subfield code="a">Radhika, Dharmadhikari</subfield>
    <subfield code="9">49251</subfield>
  </datafield>
  <datafield tag="245" ind1=" " ind2=" ">
    <subfield code="a">Development of alignment and phasing system for India&#x2019;s large segmented mirror telescope</subfield>
    <subfield code="c">Radhika, Dharmadhikari</subfield>
    <subfield code="h">[Thesis]</subfield>
  </datafield>
  <datafield tag="260" ind1=" " ind2=" ">
    <subfield code="a">Bangalore</subfield>
    <subfield code="b">Indian Institute of Astrophysics</subfield>
    <subfield code="c">2024</subfield>
  </datafield>
  <datafield tag="300" ind1=" " ind2=" ">
    <subfield code="a">xxv, 126p.</subfield>
  </datafield>
  <datafield tag="502" ind1=" " ind2=" ">
    <subfield code="b">Doctor of Philosophy(Technology)</subfield>
    <subfield code="c">University of Calcutta, Kolkata</subfield>
    <subfield code="d">2024</subfield>
  </datafield>
  <datafield tag="520" ind1=" " ind2=" ">
    <subfield code="a">The segmented mirror technology has become the preferred choice for building moderate to large-size optical telescopes. For the segmented primary mirror to function like a single monolithic mirror, each segment must be co-aligned, co-focused, and co-phased. In any segmented mirror telescope, these tasks are accomplished by an Alignment and Phasing System (APS). The India&#x2019;s upcoming large optical-NIR telescope, will use a segmented primary mirror. This thesis explores the technology required to align and phase its mirror segments. To begin with, an end-to-end Pythonbased code is developed to carry out very detailed simulations on co-alignment, cofocusing, and co-phasing. The code generates realistic images for the telescope + APS system. The simulation results are used to estimate the achievable measurement accuracy by the APS. As a part of the thesis work, a Segment Alignment Device (SAD) has also been designed, developed, and tested for the one-meter class Prototype Segmented Mirror Telescope (PSMT). For any large segmented mirror telescope to achieve diffraction-limited performance, its mirror segments must be phased with very high accuracy (in the order of a few nanometers). Phasing the mirror segments is one of the most challenging tasks, and as a part of this project, we have explored two different phasing techniques: the Dispersed Fringe Sensor (DFS) and the Optical Transfer Function (OTF) based phasing. For both techniques, we have first performed extensive simulations to test their feasibility under realistic conditions. And then, the simulation results are verified through laboratory experimentation. From our research work we have shown that the DFS, which is conventionally considered as a coarse phasing technique, can also be used for fine phasing. In laboratory experimentation, we have achieved a piston measurement accuracy of 2&#x2013;3 nm. Similarly, we have explored the OTF-based phasing for which we achieved a piston measurement accuracy of 1.5-18nm through laboratory experiments. Through our extensive simulations and laboratory experiments, we have confirmed that both DFS and OTF can be used for coarse and fine phasing of mirror segments, thus eliminating the need to use two different phasing techniques as is done conventionally. This thesis explores all three aspects of an APS and aims to understand and improve the alignment and phasing techniques so that this knowledge can be later implemented on the India&#x2019;s large segmented mirror telescope.</subfield>
  </datafield>
  <datafield tag="650" ind1=" " ind2=" ">
    <subfield code="a">Telescope optics        	</subfield>
  </datafield>
  <datafield tag="650" ind1=" " ind2=" ">
    <subfield code="a">Mirror segmentation        	</subfield>
    <subfield code="9">49263</subfield>
  </datafield>
  <datafield tag="650" ind1=" " ind2=" ">
    <subfield code="a">Telescope design        </subfield>
    <subfield code="9">6799</subfield>
  </datafield>
  <datafield tag="700" ind1=" " ind2=" ">
    <subfield code="a">Padmakar Parihar</subfield>
    <subfield code="e">Supervisor</subfield>
    <subfield code="9">48889</subfield>
  </datafield>
  <datafield tag="856" ind1=" " ind2=" ">
    <subfield code="u">http://prints.iiap.res.in/handle/2248/8750</subfield>
    <subfield code="y">Click Here to Access eThesis</subfield>
  </datafield>
  <datafield tag="942" ind1=" " ind2=" ">
    <subfield code="2">udc</subfield>
    <subfield code="c">TD</subfield>
  </datafield>
  <datafield tag="999" ind1=" " ind2=" ">
    <subfield code="c">36105</subfield>
    <subfield code="d">36105</subfield>
  </datafield>
  <datafield tag="952" ind1=" " ind2=" ">
    <subfield code="0">0</subfield>
    <subfield code="1">0</subfield>
    <subfield code="2">ddc</subfield>
    <subfield code="4">0</subfield>
    <subfield code="7">0</subfield>
    <subfield code="a">BAN</subfield>
    <subfield code="b">BAN</subfield>
    <subfield code="c">GEN</subfield>
    <subfield code="d">2025-07-15</subfield>
    <subfield code="e">74</subfield>
    <subfield code="g">0.00</subfield>
    <subfield code="l">0</subfield>
    <subfield code="p">20714</subfield>
    <subfield code="r">2025-08-25</subfield>
    <subfield code="v">0.00</subfield>
    <subfield code="w">2025-08-25</subfield>
    <subfield code="y">TD</subfield>
    <subfield code="G"></subfield>
  </datafield>
</record>
